Online Catalogue and eLibrary

Social Scientists Meet the Media (Record no. 1146)

MARC details
000 -LEADER
fixed length control field 00485nam a2200193Ia 4500
005 - DATE AND TIME OF LATEST TRANSACTION
control field 20250325053247.0
008 - FIXED-LENGTH DATA ELEMENTS--GENERAL INFORMATION
fixed length control field 240331s9999 xx 000 0 und d
020 ## - INTERNATIONAL STANDARD BOOK NUMBER
ISBN 0415081912
082 ## - DDC Classification
Class No. 302.23
Item Number - Author Mark SOC
DDC Edition Number 5400
245 #0 - TITLE STATEMENT
Title Social Scientists Meet the Media
260 ## - PUBLICATION, DISTRIBUTION, ETC.
Place of publication, distribution, etc. London;
-- New York,
Name of publisher, distributor, etc. Routledge
Date of publication, distribution, etc. 1994
300 ## - PHYSICAL DESCRIPTION
Extent (e.g. Volumes, Pages etc.) xiv, 227 p.,
650 ## - SUBJECT ADDED ENTRY--TOPICAL TERM
Topical term or geographic name entry element Media
650 ## - SUBJECT ADDED ENTRY--TOPICAL TERM
Topical term or geographic name entry element Social Science
650 ## - SUBJECT ADDED ENTRY--TOPICAL TERM
Topical term or geographic name entry element Sociology
700 ## - ADDED ENTRY--PERSONAL NAME
Personal name Haslam, C
Relator term (Role) Editor
700 ## - ADDED ENTRY--PERSONAL NAME
Personal name Bryman, A
Relator term (Role) Editor
942 ## - Koha item type (Biblio)
Koha item type Books in Stacks (Lending)
Holdings
Lost status Damaged status Collection code Home library Current library Shelving location Date acquired Full call number Accession Number Item type
    Lending WERC Library WERC Library Social Science Cupboard 03/31/2024 302.23 SOC 5400 Books in Stacks (Lending)

© WERC Library